000 004120000a22001690004500
003 MACL
005 20160110161234.0
008 160110b xxu||||| |||| 00| 0 eng d
040 _aMACL
_cMACL
041 _aEnglish
082 _a923.2/GHO
100 _aGhose, Sudhir
_931072
245 _aGandhi's Emissary
260 _bRupa And Co
_c1967
_aBombay
650 _aBiography
_931073
942 _cBK
_k923.2/gos
_2ddc
999 _c36198
_d36198